| 000 | 00511nam a22001937a 4500 | ||
|---|---|---|---|
| 999 |
_c526108 _d526108 |
||
| 003 | NUST | ||
| 005 | 20190708104231.0 | ||
| 008 | 190708b ||||| |||| 00| 0 eng d | ||
| 038 | _aWaseem | ||
| 082 |
_a891.493109 _bSHA |
||
| 100 |
_aShazb, Sharif _917072 |
||
| 245 |
_aAshnak Suchan / _cSharif Shazb |
||
| 260 |
_aMultan : _bJhok Printer, _c2009. |
||
| 300 | _a128 p. ; | ||
| 500 | _aHardcover. | ||
| 880 |
_6100-01\r _aشریف شاذب |
||
| 880 |
_6245-02\r _aاشناک سوچاں / |
||
| 942 |
_2ddc _cBK |
||